000 01275cam a2200277 i 4500
003 SA-RiAUC
005 20250314202307.0
008 250314s1998 su g b 00000 ara c
020 _a9960031284
040 _aSA-RiAUC
_bara
_cSA-RiAUC
_erda
082 0 4 _a811.4016
_qSA-RiAUC
090 _a811.4016
_bب هـ ج
100 1 _aبهجت، مجاهد مصطفى.
_eمؤلف.
245 1 2 _aالمكتبة الشعرية في العصر العباسي 132 - 656 :
_bثبت وفهرسة وصفية تحليلية للدواوين والمجاميع الشعرية /
_cتأليف مجاهد مصطفى بهجت..
250 _aالطبعة الأولى.
264 1 _aمكة المكرمة :
_bجامعة أم القرى، مركز بحوث اللغة العربية وآدابها،
_c1998
300 _a448 صفحة ؛
_c24 سم.
336 _aنص
_btxt
_2rdacontent
_3كتاب
337 _aبدون وسيط
_bn
_2rdamedia
338 _aمجلد
_bnc
_2rdacarrier
440 0 _aسلسلة بحوث اللغة العربية وآدابها
650 7 _aالشعر العربي
_xتاريخ ونقد
_2aucsh
650 7 _aالشعر العربي
_yالعصر العباسي
_vببليوجرافيات
_2aucsh
942 _2ddc
_cBOOK
949 _aSA-JeALM
_d250314
_ukhaled123
_n1
999 _c6450
_d6450